000 00443nam a2200193Ia 4500
008 210210b1951 xxu||||| |||| 00| 0 eng d
041 _aeng
082 _a511/110
100 _aROSENBACH (J B)
245 _aEssentials of college algebra
260 _aBoston
_bGinn & Co.
_c1951
650 _aof
650 _aEssentials
650 _acollege
650 _aalgebra
690 _aAlgebra
700 _aWHITMAN (E A)
906 _a007180
999 _c139516
_d139516